Europapark-Quiz - Statistiken

Allgemein
  • Dieses Quiz wurde 467 mal gespielt
  • Das Durchschnittsergebnis liegt bei 12 aus 15
Antwortstatistiken
Frage Antwort % Korrekt
Wie heißt die Wasserwelt des Europapark? Rulantica
96%
Wo liegt der Europapark? Rust
96%
Wie heißt die größte Achterbahn? Silver Star
96%
Welchen Themenbereich gibt es nicht? Belarus
92%
Welches Hotel liegt am Europapark? Hotel Colloseo
91%
Wie heißt der Chef des Europapark's? Roland Mack
91%
Was ist der Europapark? Der größte Park in Deutschland
88%
Wie heißt die große silberne Kugel Eurosat CanCan-Coaster
88%
Welche Attraktion steht in Island? Blue Fire
86%
Wie schnell fährt SilverStar 127 km/h
84%
Wann wurde die Wasserwelt eröffnet? November 2019
79%
Wie viele Hotels besitzt der Park? 6
74%
Wie viele Attraktionen hat der Park? 100+
50%
Wie heißen die Freefall Rutschen der Wasserwelt? Dugdrob & Vildfal
50%
Welche Achterbahn ist länger? Island
7%
Keine übereinstimmenden Quizze gefunden
Verteilung der Resultate
Anzahl Personen mit jedem Resultat
Perzentil nach korrekt beantworteten Fragen
Ihre Resultats-Entwicklung
Sie haben dieses Quiz noch nicht gespielt